书目信息 |
| 题名: |
经济刑法解释原理的建构及其适用
|
|
| 作者: | 王海桥 著 | |
| 分册: | ||
| 出版信息: | 北京 中国政法大学出版社 2015 |
|
| 页数: | 293页 | |
| 开本: | 21cm | |
| 丛书名: | ||
| 单 册: | ||
| 中图分类: | D924.335 | |
| 科图分类: | ||
| 主题词: | 经济犯罪--jing ji fan zui--刑法--法律解释--中国 | |
| 电子资源: | ||
| ISBN: | 978-7-5620-6049-9 | |
| 000 | 01113nam0 22002411 450 | |
| 001 | 1730309886 | |
| 005 | 20170525101518.0 | |
| 010 | @a978-7-5620-6049-9@dCNY32.00 | |
| 100 | @a20150629d2015 em y0chiy50 ea | |
| 101 | 0 | @achi |
| 102 | @aCN@b110000 | |
| 105 | @ay a 000yy | |
| 106 | @ar | |
| 200 | 1 | @a经济刑法解释原理的建构及其适用@Ajing ji xing fa jie shi yuan li de jian gou ji qi shi yong@f王海桥著 |
| 210 | @a北京@c中国政法大学出版社@d2015 | |
| 215 | @a293页@d21cm | |
| 320 | @a有书目 (第272-290页) | |
| 330 | @a经济刑法的解释原理,是刑法解释基本原理在经济活动领域基于经济刑法规范特殊性的具体化,其遵循刑法解释的一般原理,具体为解释理念、方法及其运用规则三个层面。理念层面强调罪刑法定原则下经济刑法的空白规范结构分析;方法方面为侧重专业用语基准的文义解释、注重计划性的体系解释、合乎客观目的的目的解释和居于前导性的合宪解释;基于经济刑法立法规范结构和规范属性,主张自立法类型化实现司法定型化。 | |
| 606 | 0 | @a经济犯罪@Ajing ji fan zui@x刑法@x法律解释@y中国 |
| 690 | @aD924.335@v4 | |
| 701 | 0 | @a王海桥@Awang hai qiao@4著 |
| 801 | 0 | @aCN@bTANG WEI@c20170523 |
| 905 | @b0969143-7@dD924.335@e710@f5 | |
| 经济刑法解释原理的建构及其适用/王海桥著.-北京:中国政法大学出版社,2015 |
| 293页;21cm |
| ISBN 978-7-5620-6049-9:CNY32.00 |
| 经济刑法的解释原理,是刑法解释基本原理在经济活动领域基于经济刑法规范特殊性的具体化,其遵循刑法解释的一般原理,具体为解释理念、方法及其运用规则三个层面。理念层面强调罪刑法定原则下经济刑法的空白规范结构分析;方法方面为侧重专业用语基准的文义解释、注重计划性的体系解释、合乎客观目的的目的解释和居于前导性的合宪解释;基于经济刑法立法规范结构和规范属性,主张自立法类型化实现司法定型化。 |
| ● |
| 相关链接 |
|
|
|
|
正题名:经济刑法解释原理的建构及其适用
索取号:D924.335/710
 
预约/预借
| 序号 | 登录号 | 条形码 | 馆藏地/架位号 | 状态 | 备注 |
| 1 | 0969143 | 209691430 | 第一样本阅览室/ [索取号:D924.335/710] | 在馆 | |
| 2 | 0969144 | 209691449 | 第一借阅区/ [索取号:D924.335/710] | 在馆 | |
| 3 | 0969145 | 209691458 | 第一借阅区/ [索取号:D924.335/710] | 在馆 | |
| 4 | 0969146 | 209691467 | 第一借阅区/ [索取号:D924.335/710] | 在馆 | |
| 5 | 0969147 | 209691476 | 密集书库-史法系/ [索取号:D924.335/710] | 在馆 |